1257 1725 1812 1696 1772 1945 1894 1542 1140 1264 1056 1914 1193 1157 1223 1671 1453 1022 1430 1176 1260 1648 1476 1580 1319 1670 1016 1312 1112 1180 1336 1816 1245 1054 1556 1878 1352 1970 1716 1446 1394 1411 1699 1621 1192 1146 1651 1317 1801 1572 1602 1171 1975 1784 1690 1725 1344 1494 1859 1854 1916 1579 1963 1463 1267 1119 1484 1824 1431 1149 1836 1205 1010 1222 1815 1920 1076 1296 1394 1802 1795 1530 1211 1738 1960 1764 1762 1976 1669 1641 1274 1213 1059 1390 1269 1114 1112 1343 1997 BCNSPRNW ULIB Ver.6.0+V

เปลี่ยนเป็นภาษาไทย

Change to English
 แสดงรายละเอียดบรรณานุกรม
  กลับหน้าหลัก

Brief Record : Get Marc (ISO 2709) : E-mail record : QR code < ปิดหน้าต่าง
LEADER : 00000nam 2200000uu 4500
001    13399112850
003     ULIB
008    110627s2545||||th 000 0 tha d
060  4 WY20^bจ322ป 2545
100 0  จารุณี วาระหัส
245 00 ปัจจัยที่มีอิทธิพลต่อผลการสอบประเมินความรู้ผู้ขอขึ้นทะเบียนเพื่อรับในอนุญาตเป็นผู้ประกอบวิชาชีพการพยาบาลและการผดุงครรภ์ชั้นหนึ่ง ครั้งที่ 1/2544 ของผู้สำเร็จการศึกษาจากวิทยาลัยพยาบาลบรมราชชนนี สงขลา/^cจารุณี วาระหัส
260    สงขลา :^bวิทยาลัยพยาบาลบรมราชชนนี สงขลา,^c2545
300    53 หน้า
650  7 วิทยาลัยพยาบาลบรมราชชนนี สงขลา
650  7 การสอบประเมินความรู้^xวิจัย
945    ^p0^l0^i027782
995    ทศพร
999 ^a ใช้งานได้ทุกระบบ
รายการนี้ยังไม่มีแท็ก
คุณยังไม่ได้ล็อกอิน คุณสามารถมีกิจกรรมร่วมกับเว็บไซต์ได้ แต่ต้องล็อกอินก่อน ::
  ล็อกอิน

รายการสื่อสารสนเทศ

ลำดับที่ ประเภท เลขเรียก/บาร์โค้ด สถานที่ สถานะ
- ไม่พบข้อมูล -

รายการใกล้เคียง
    ผู้แต่ง [จารุณี วาระหัส]

    หัวเรื่อง [วิทยาลัยพยาบาลบรมราชชนนี สงขลา]

BibComment


ยังไม่เคยถูกคอมเมนท์

คอมเมนท์ทรัพยากรรายการนี้
  คอมเมนท์: ปัจจัยที่มีอิทธิพ..


 Copyright 2026. Bcnsprnw @Library